01245nam a2200325Ia 450000500170000000800410001702000150005808200180007310000200009124501670011125000180027830000480029650001180034453400180046265000410048065000230052165000180054465000280056270000360059070000400062670000370066670000420070394200120074526400240075733600270078133700330080833800280084104000350086999900150090420220317000459.0160315s2005 sp g 000 0 spa  a847902488704a736.982bT25c1 aTemko, Florence10aCrear y jugar con papiroflexiabcajascFlorence Temko ; traducción Fernando Gilgado ; ilustraciones de Clay Fernald y Daniel P. Brennan ; editor Jesús Domingo a1a. edición a64 páginasbilustraciones en colorc24 cm a24 figuras inéditas de papiroflexia. Instrucciones fáciles de seguir Crea tus propias cajas, cuencos y mas... tOrigami boxes142LEMBaTrabajos manualesxEducación142LEMBaPapiroflexia142LEMBaOrigami142LEMBaTrabajos en papel1 aDomingo, Jesúseeditor9533121 aGilgado, Fernandoetraductor9533131 aFernald, Clayeilustrador9533141 aBrennan, Daniel P.eilustrador953315 2ddccBK aMadridbTutorc2005 atextobtxt2rdacontent asin mediaciónbn2rdamedia avolumenbnc2rdacarrier aCO-BoRNBPbspaerdacCO-BoRNBP c4166d4166